Missing Word: Top Grossing Movies (2009) Quiz Stats

 Plays Quiz Updated Jul 29, 2017

Support Sporcle.
Go Orange.
Score 0/20 Timer 02:00
1 Play Today
Movie Missing Word % Correct
Sherlock ______Holmes
97.7%
____ TrekStar
97.3%
Harry Potter and the Half-Blood ______Prince
97.1%
Alvin and the _________: The SqueakquelChipmunks
95.2%
Fast and _______Furious
94.5%
A _________ CarolChristmas
91.5%
Angels & ______Demons
91%
Cloudy With a Chance of _________Meatballs
88.7%
The Princess and the ____Frog
81.3%
The Twilight Saga: New ____Moon
80.4%
Movie Missing Word % Correct
Inglourious ________Basterds
75.7%
The _____ SideBlind
64%
________ vs. AliensMonsters
63.8%
____________: Revenge of the FallenTransformers
60.8%
G-_____Force
55.6%
Ice Age: Dawn of the _________Dinosaurs
55.2%
X-Men _______: WolverineOrigins
53.2%
G.I. Joe: The Rise of _____Cobra
48.4%
Terminator _________Salvation
36.1%
Night at the Museum: ______ of the SmithsonianBattle
27.1%

Today's Daily Dose

You're not logged in!

Compare scores with friends on all Sporcle quizzes.
OR
Log In
Forgot?

From the Vault

Borders a 'D' Country Minefield

by caramba

It will require great deliberation and deduction to get all of these.
Remove Ads.
Support Sporcle.
Get the best of Sporcle when you Go Orange. This ad-free experience offers more features, more stats, and more fun while also helping to support Sporcle. Thank you for becoming a member.

Show Comments

Extras

Top Quizzes Today


Score Distribution

Your Account Isn't Verified!

In order to create a playlist on Sporcle, you need to verify the email address you used during registration. Go to your Sporcle Settings to finish the process.

Report this User

Report this user for behavior that violates our Community Guidelines.

Details: